000
00295nam a2200133Ia 4500
008
231129s1985||||xx |||||||||||||| ||spa||
040
_b
spa
082
_a
Co861 L847d
100
_a
LondoƱo Santiago
245
0
_a
Delirio del inmortal
260
_c
1985
264
_a
Lealon
942
_2
ddc
_c
BKS
999
_c
8924
_d
8924